[Event "World-ch Tournament"]
[Site "Mexico City"]
[Date "2007.09.24"]
[Round "10"]
[White "Aronian, Levon"]
[Black "Grischuk, Alexander"]
[Result "1-0"]
[WhiteElo "2750"]
[BlackElo "2726"]
[Annotator "Marin,M"]
[PlyCount "83"]
[EventDate "2007.09.13"]
[EventType "tourn"]
[EventRounds "14"]
[EventCountry "MEX"]
[EventCategory "21"]
[SourceTitle "CBM 120"]
[Source "ChessBase"]
[SourceDate "2007.10.02"]
[SourceVersion "1"]
[SourceVersionDate "2007.10.02"]
[SourceQuality "1"]

1. d4 Nf6 2. c4 e6 3. Nf3 d5 4. Bg5 h6 5. Bxf6 Qxf6 6. Nbd2 $5 ({A rare move,
avoiding the topical Moscow variation, which would arise by transposition
after Una jugada poco frecuente, evitando la variante Moscú, a que se llegaría
por transposición después de} 6. Nc3 c6 {. After the game move, play will take
a very original course. . Después de la jugada del texto, el juego tomará un
curso muy original.}) 6... Nd7 (6... c5 $5 7. e4 $5 (7. cxd5 cxd4 $5 8. Rc1 {
is another way to develop White's initiative.}) 7... cxd4 8. cxd5 exd5 ({
Safer would be} 8... e5 {, when after} 9. Bb5+ Bd7 10. Qb3 $14 {White's
control on the light squares would offer him the more pleasant position.}) 9.
exd5 Nd7 10. Qa4 $6 ({White should have completed his development as soon as
possible with} 10. Bb5 $1 {, when the exposed position of the enemy queen
could tell. In case of} Qe7+ 11. Kf1 $1 {White has the right to castle, but
Black's development is also delayed, while the alignment of the black Royal
pair on the e-file is dangerous.}) 10... Bd6 11. Qxd4 O-O 12. Qxf6 Nxf6 13. Bc4
Re8+ 14. Kf1 a6 15. a4 Bd7 $15 {Steiner,H-Lasker,Ed/New York 1931/HCL (0-1, 35)
. with more than enough compensation for the pawn.}) (6... c6 7. Qb3 Nd7 8. g3
Qd8 9. Bg2 Be7 10. O-O O-O 11. e4 dxc4 12. Nxc4 b6 13. Rfd1 Bb7 {Endzelins,
L-Unzicker,W/Augsburg 1946/EXT 2001 (1/2-1/2, 20)} 14. Na5 $5 $14 {Anyway,
this was a game played long before the Moscow variation became fashionable and
the specialists would remark that not all the moves have been consequent.}) (
6... dxc4 {faces White with a difficult psychological problem: which piece is
best suited to capture on c4? The only thing is that all the 3 possible
answers are correct!!} 7. e3 ({A continuation in the spirit of the Catalan
defence would be} 7. Qa4+ c6 8. Qxc4 Nd7 9. g3 Qe7 10. Bg2 Qb4 11. Qc2 Be7 12.
O-O O-O 13. Rfd1 a5 14. Nc4 Rd8 15. a3 Qb5 16. e4 $14 {Rausis,I (2490)
-Manninen,M (2380)/Jyvaskyla 1996/EXT 98 (1-0, 33)}) 7... g6 {An over-refined
move. White is waiting for ...Bg7 before capturing with the knight.} 8. Rc1 (8.
Bxc4 Bg7 9. O-O O-O 10. b4 Qe7 11. Rb1 Nd7 12. Qc2 c6 13. a4 {Nikolic,P (2631)
-Roiz,M (2605)/Valjevo 2007/CBM 119 (1/2-1/2, 86). White has the usual
advantage of space, as in the Moscow Variation. The knight is not so active on
d2, but it can go to b3, while the bishop has captured on c4 without loss of
time.}) 8... Nd7 {Black has good nerves, too.} 9. Nxc4 Bb4+ $6 {Not really
logical after ...g6. The dark squares will remain weak now.} (9... Bg7 10. Bd3
O-O 11. O-O $14 {The knight stands well on c4, because it prevents ...e5.}) 10.
Ncd2 c6 11. a3 Bxd2+ 12. Nxd2 O-O 13. Bc4 b6 14. O-O Bb7 15. b4 $14 {Nikolic,P
(2631)-Pavasovic,D (2567)/Valjevo 2007/CBM 119 (1-0, 35)}) 7. g3 (7. Rc1 {
is aimed to force Black take a decision on the queenside before White proceeds
with his kingside development.} c6 (7... c5 {is entirely possible, but
justifies the delay of the decision on the kingside by allowing} 8. cxd5 exd5
9. e3 b6 10. Bb5 {[%csl Gc5]}) 8. g3 Qe7 9. Bg2 g6 10. O-O Bg7 11. e4 dxe4 12.
Nxe4 Nf6 13. Nc5 O-O 14. b4 Rd8 15. Qb3 Qc7 {Nikolic,P (2626)-Motylev,A (2662)/
Germany 2006/CBM 116 (0-1, 46)}) 7... g5 $5 {A far from one sided move. Black
puts some additional pressure on White's centre and wins space on the kingside,
but weakens the h5-and f5-squares The latter will become important if Black
will have to play ...exd5 at some moment.} (7... g6 {is likely to more or less
transpose to Nikolic-Motylev or Endzelins-Unzicker.}) 8. h3 Bg7 ({One possible
justification for the previous move would be} 8... h5 $5 {.}) 9. Rc1 c5 10. e3
O-O 11. Bg2 b6 (11... cxd4 12. exd4 e5 (12... b6 13. cxd5 exd5 14. O-O $14) 13.
cxd5 exd4 14. O-O Nb6 15. Nb3 Nxd5 16. Nfxd4 $14 {Black will need some effort
to complete his development, while the weakness of the f5-square will always
be there. However, his pair of bishops offers him counter-chances.}) 12. cxd5
exd5 13. O-O Bb7 14. Re1 Rfd8 {Black has achieved an active version of the
hanging pawns, but the evaluation of such positions is far from one-sided.
White's structure is flexible and solid, which entitles him to hope for a
favourable course of the game in the long run. Besides, Black's kingside
contains chronic weaknesses on the light squares. White's main concern for the
time being should be the activation of his queen's knight, which does not put
any kind of pressure on Black's position and stands in the way of his own
pieces at the same time. Las negras lograron una forma bastante activa de los
peones colgados, pero la evaluación de este tipo de posiciones suele ser lejos
de unilateral. La estructura de las blancas es sólida y flexible, lo que les
permite contar con un curso favorable del juego a largo plazo. Además, el
flanco de rey negro contiene debilidades crónicas sobre casillas blancas. En
este momento, la principal taréa de las blancas es encontrar una forma de
activar a su caballo de dama, que no ejerce ningún tipo de presión sobre el
centro enemigo y se encuentra en el camino de sus próprías figuras al mismo
tiempo.} 15. g4 $5 ({A creative solution to the aforementioned task. Aronian
intends to transfer his knight to f5 or, eventually, h5. The standard
manoeuvre would be Una solución creativa al problema anteriormente mencionado.
Aronian quíere trasladar el caballo a f5 o h5.La solución tradicional sería} 
15. Nb1 {followed by Nc3, increasing the pressure against the d5-pawn. seguído
por Nc3, aumentando la presión sobre el peón de d5.}) 15... h5 $5 ({Ambitious
and... risky. Black intends to deny the knight's access to g3 with ...h4.
After the more restrained Ambicioso y... arriesgado. las negras quíeren
denegar el acceso del caballo enemigo a g3. Después de la más prudente} 15...
Qe6 16. Nf1 f5 {White would consolidate his g4-pawn with las blancas
consolidarían el peón de g4 con} 17. N3h2 {, followed by Ng3-f5 anyway.
However, the final evaluation of the resulting position would be uncertain,
because the other knight would remain passive for a while. seguído por Ng3-f5
de toda forma. Sin embargo, la evaluación final de la posición quedaría
incierta, porque el otro caballo estaría algo pásivo.}) 16. gxh5 $1 {The only
way to question the viability of Black's plan. This self-disruption of the
structure might look like a strategic concession, but Aronian correctly
anticipated that his knights will get additional possibilities on the kingside.
Besides, the apparently doomed h-pawn could play an important part in certain
cases. La única forma de cuestionar la correctitud del plan delas negras. La
auto-destrucción de la estructura de las blancas puede parecer como una
concesión estratégica, pero Aronian intuyó muy bien que ahora sus caballos
obtendrán posibilidades adicionales en el flanco de rey. Además, el
aparentemente condenado peón de h podrá jugar un papel importante en ciertos
casos.} Qh6 17. Nh2 Rac8 18. Ndf1 f5 19. Ng3 Qe6 20. Nf3 Qf6 {Black has
managed to stabilize the kingside position, but White will open a new front on
the opposite wing. La negras han estabilizado el flanco de rey, pero las
blancas abrirán un nuevo frente en el centro.} 21. dxc5 bxc5 22. b4 $5 {
Fighting for the d4-square. Luchando por la casilla de d4.} f4 $5 {As you can
see, neither of the players is concerned about the material balance. Pawns are
sacrificed nonchalantly for the sake of achieving certain strategic advantages.
Como pueden ver, ningún de los jugadores no está demasiado preopupado por
mantener el equílibrío material. Ambas partes entregan peones sin más, para
llevar a cabo sus planes en forma óptima.} 23. exf4 gxf4 24. Nf1 c4 (24... cxb4
$5 {looks like a positional concession, but Black's queenside majority could
be dangerous after simplifications.}) 25. N1h2 {Black's achievements in the
centre are impressive, but the white knights exert irritating pressure on the
kingside. One important element is the h5-pawn, which deprives the queen of
the g6-square and is ready to advance to h6 at the most appropriate moment.
Los logros de las negras en el centro son impresionantes, pero los caballos
blancos ejercen una iritante presión en el flanco de rey. En elemento
importante es la presencía del peón en h5, que denega el acceso de la dama en
la casilla de g6 y amenaza con avanzar a h6 en cualquíer momento.} Qf5 $2 ({
Black gives up the control of the d4-square too easily. In order to release
White's pressure over the central pawns, he should have aimed to exchange
rooks, for which Las negras levnatan el control sobre la casilla de d4 sin
necesidad. Para rebajar la presión de las blancas sobre los peones centrales,
sería necesarío el cambío de por lo menos un par de torres. Por esto,} 25...
Re8 {strongly comes into consideration. merece sería atención.} 26. Rxe8+ (26.
Ng4 Qf5) 26... Rxe8 27. Ng4 (27. Qa4 Bc6 $1) 27... Qf5 28. h6 (28. Nd4 Qxh5 $1
29. Nf6+ $2 Nxf6 $19) (28. Qa4 a6 $5) 28... Bh8 29. Nd4 Qf7 (29... Qg6 30. Qa4
$5) 30. Qd2 Ne5 $15) 26. Nd4 Qd3 27. Ne6 Qxd1 28. Rexd1 Ne5 $5 {Interesting,
but not enough. Interesante pero no suficiente.} 29. Nxd8 Rxd8 30. Ng4 Nd3 31.
Rxd3 $1 {Simplest. By returning the exchange, Aronian calms down the position,
depriving Black of his main trump: the two connected passed pawns. Although
there remain certain technical difficulties, White will convert his advantage
quite confidently. Lo más sencillo. Al devolver la calidad, Aronian quita a
las negras el orgullo de su posición: la pareja de peones centrales pasados.
Aunque quedan ciertos detalles técnicos por resolver todavía, Aronian ganó con
bastante confianza.} cxd3 32. Rd1 Bc8 33. Rxd3 d4 34. Be4 Ba6 35. Ra3 Be2 36.
h6 Bh8 37. Rxa7 d3 38. h7+ Kf8 39. Bg6 d2 40. Rf7+ Ke8 41. Nf6+ Bxf6 42. Rg7+
1-0

[Event "Norway Chess 2nd"]
[Site "Stavanger"]
[Date "2014.06.03"]
[Round "1"]
[White "Karjakin, Sergey"]
[Black "Topalov, Veselin"]
[Result "1/2-1/2"]
[WhiteElo "2771"]
[BlackElo "2772"]
[Annotator "Marin,M"]
[PlyCount "95"]
[EventDate "2014.06.03"]
[EventType "tourn"]
[EventRounds "9"]
[EventCountry "NOR"]
[EventCategory "21"]
[SourceTitle "CBM 161"]
[Source "ChessBase"]
[SourceDate "2014.07.16"]
[SourceVersion "1"]
[SourceVersionDate "2014.07.16"]
[SourceQuality "1"]

{With the help of Valentin Stoica.} 1. d4 Nf6 2. c4 e6 3. Nf3 d5 4. e3 {
This has become increasingly popular over the last year. When I started
playing it a bit earlier I thought I could find a shelter from forced
variations, allowing me to be alone, one to one, with my opponent. Theory's
tentacles are reaching here, too, unfortunately.} a6 $5 ({In order to have
some reference points it is essential to know that the following more natural
continuation would most likely transpose to the 4.e3 QI variation.} 4... Be7 5.
b3 O-O 6. Bd3 c5 7. O-O cxd4 8. exd4 Nc6 9. Bb2 b6 10. Nbd2 Bb7 11. Rc1 Rc8 12.
Qe2 Re8 13. Rfd1 Bf8 14. h3 (14. Nf1 g6 15. Ne3 dxc4 16. bxc4 Bg7 {Karpov,A 
(2740)-Morovic Fernandez,I (2605) Las Palmas 1994 (1-0, 39)}) 14... g6 15. Qe3
Bg7 {Smyslov,V (2600)-Ribli,Z (2615) London 1983 (1-0, 65)}) 5. b3 ({Black
would be just too glad to get an extra tempo over the QGA after} 5. Bd3 dxc4 6.
Bxc4 b5) 5... c5 6. Bb2 cxd4 7. exd4 g6 $5 {The only justification for the 4th
move. If Black develops normally with ...Be7, he will have just wasted a tempo
with ...a6. But since the bishop is heading for g7 in the long run, it makes
sense to save two tempi with the last move.} 8. Bd3 Bg7 9. O-O O-O 10. Nbd2 Nc6
11. Ne5 $5 $146 {The only way to question Black's opening play. After all,
everything which he has been doing was rather time consuming so he is behind
with his general developing plan involving ...b6 and ...Bb7.} (11. Rc1 dxc4 (
11... b6 12. Ba3 Ne7 13. Ne5 Bb7 14. c5 bxc5 15. Bxc5 $14 {Shengelia,D (2558)
-Feher,A (2340) Austria 2012 (1/2-1/2, 58)}) 12. bxc4 b6 13. Ne4 (13. Ba3 Re8
14. Ne4 Nxe4 15. Bxe4 Bb7 16. Ne5 Nxe5 17. Bxb7 Ra7 18. dxe5 {1/2-1/2 (18)
Khenkin,I (2574)-Haslinger,S (2544) Delft 2014}) 13... Bb7 14. Ba3 Nxd4 15.
Bxf8 Bxf8 16. Nxf6+ Qxf6 $44 {Anton Guijarro,D (2574)-Bruzon Batista,L (2699)
Linares 2013 (1/2-1/2, 30)}) 11... Bd7 {Deviating from the aforementioned plan.
} (11... Nxd4 $5 {is tempting, but maybe not 100% equalising.} 12. Bxg6 $1 (12.
Bxd4 dxc4 13. Bc5 cxd3 14. Bxf8 Qxf8 $15) 12... hxg6 13. Bxd4 {White has some
lead in development, making the weaknesses on the dark squares rather
dangerous for Black.} Nd7 (13... b6 14. Qf3 Bb7 15. Rad1 Nd7 (15... Qc7 16. Qe3
$1 Nd7 17. Nxd7 Qxd7 18. Bxg7 Kxg7 19. Qxb6 d4 20. f4) 16. Nxd7 Qxd7 17. Bxb6
d4 18. Qg4 Qc6 19. c5 e5 20. f3 $14) 14. Qe2 (14. Nxd7 Bxd7 15. Bxg7 Kxg7 16.
cxd5 Bb5) 14... Nxe5 15. Bxe5 f6 (15... Bd7 16. Rfd1 Bc6 17. Nf3 Rc8 18. Qe3
$14) 16. Bb2 e5 (16... d4 17. Qg4) 17. Ba3 Rf7 18. cxd5 Qxd5 19. Nc4 $14) 12.
Ndf3 $6 {Weakening the control over the e4-square so early makes little sense.
After ...g7-g6 White should be ready to meet ...Nxe5 with dxe5, Xf6. It would
have been better to develop according to the pattern from the classical games
above.} ({True,} 12. Qe2 {would allow} Nb4 $5 13. Bb1 Rc8 {[%csl Ga1]}) (12.
Rc1 $1 Rc8 13. Qe2 $14 Bh6 {would achieve very little after} 14. f4) 12... dxc4
$6 {A strange concession.} (12... Nxe5 $142 $1 13. dxe5 (13. Nxe5 Bc6 {It is
always good for Black to exchange some minor pieces.}) 13... Ne4 $1 {Here is
when the e4-square is important.} 14. Bc2 (14. cxd5 exd5 {[%cal Gd7g4]} 15. h3
Rc8 $132 {[%csl Gc3]}) 14... Bc6 15. Qe2 Nc5 16. Rfd1 Nd7 $1 {[%csl Ge5][%cal
Gd5c4,Gc6f3]}) 13. bxc4 Qc7 14. a4 $6 {I believe chess has not changed that
much since Smyslov and Karpov, at least not when it comes to regrouping in
standard positions.} (14. Qe2 $142 Rfd8 15. Rac1 Be8 16. Rfd1 Nxe5 17. Nxe5 (
17. dxe5 Nd7) 17... Nd7 18. Ng4 $14 {[%cal Gg4e3,Gd4d5]}) 14... Rfd8 15. Qb3
Nxe5 16. Nxe5 (16. dxe5 Ng4 {[%csl Ge5] With the queen on e2, this would run
into h2-h3.} 17. Rfe1 Bc6 {[%csl Ge5]}) 16... Bc6 17. Rfd1 Nd7 $11 18. f4 (18.
Ng4 h5 19. Ne3 Qb6 $1 {Once again, we notice that a2-a4 and Qb3 do not really
work to White's favour.}) 18... Nxe5 $6 ({I would prefer increasing the
pressure against the white centre with} 18... Qb6) 19. fxe5 Rd7 {In the
absence of knights, White's space advantage is not too threatening, but in
principle the game starts getting a bit one-sided.} 20. Be2 Qd8 21. a5 Rc8 22.
d5 $1 exd5 23. Bg4 $14 d4 24. Bxd7 Qxd7 25. Rxd4 Qe7 26. Re1 Re8 27. Rf4 Qc5+
28. Bd4 Qxa5 29. Qc3 Qxc3 30. Bxc3 Bh6 31. Rf2 b5 32. Rf6 Bd7 33. Rxa6 bxc4 34.
Rea1 Be6 35. Kf2 Bf8 36. Ra8 Bc5+ 37. Ke2 Rxa8 38. Rxa8+ Kg7 39. Ra5 Bb6 40.
Ra6 Bg1 41. h3 g5 42. g4 Bh2 43. Ra8 h6 44. Rd8 Kg6 45. Kf3 Bf4 46. h4 h5 47.
hxg5 Bc1 48. gxh5+ 1/2-1/2

[Event "GBR-ch 95th"]
[Site "Liverpool"]
[Date "2008.08.06"]
[Round "9"]
[White "Ledger, Andrew"]
[Black "Flear, Glenn C"]
[Result "1-0"]
[WhiteElo "2423"]
[BlackElo "2493"]
[Annotator "Martin,A"]
[PlyCount "63"]
[EventDate "2008.07.28"]
[EventType "swiss"]
[EventRounds "11"]
[EventCountry "ENG"]
[SourceTitle "CBM 125 Extra"]
[Source "ChessBase"]
[SourceDate "2008.09.01"]
[SourceVersion "1"]
[SourceVersionDate "2008.09.01"]
[SourceQuality "1"]

1. d4 d5 2. Nf3 Nf6 3. c4 e6 4. Bg5 dxc4 5. Qa4+ c6 6. Qxc4 b5 7. Qc2 Bb7 8. e3
{The main point of this move order is to delay the development of the Nb1 in
order to try and grip c5 via Nd2-b3. When Black is denied ...c6-c5, his
position becomes passive.} (8. Bxf6 Qxf6 9. e4 Nd7 10. Nbd2 {gives White a
nice centre, but Black has something to bite on.} e5 $1 $11 11. a4 Bb4 12. axb5
exd4 13. bxc6 Qxc6 14. Qxc6 Bxc6 15. Bc4 O-O 16. O-O Nc5 17. Nxd4 Bb7 18. N4f3
Nxe4 19. Nxe4 Bxe4 20. Ng5 Bg6 21. f4 Bf5 22. h3 Rad8 {Hebden,M-Flear,G/Great
Yarmouth 2007} 23. Rfd1 Bg6 24. Rxd8 Rxd8 25. f5 Bc5+ 26. Kh1 Bxf5 27. Nxf7 Rd4
) 8... Nbd7 9. Bd3 Rc8 (9... h6 10. Bh4 a6 11. a4 {leads to an important
moment,where White is still trying to prevent ...c6-c5. After a couple of
moves, Grischuk plays it anyway:} Bb4+ 12. Nbd2 c5 $1 13. Bxf6 Nxf6 14. axb5
Bxf3 15. gxf3 O-O $6 (15... axb5 16. Bxb5+ Ke7 17. O-O Qb6 {was much better})
16. dxc5 axb5 17. Rxa8 Qxa8 18. Ke2 Rc8 19. Nb3 Nd7 20. Be4 Qb8 21. c6 Ne5 22.
Nd4 Qb6 23. f4 Ng4 24. Qd3 $16 {Gurevich,M-Grischuk,A/Cannes 2001}) 10. O-O h6
(10... Be7 11. Qe2 O-O 12. Rd1 Nd5 {is a solid and reliable approach:} 13. Bxe7
Qxe7 14. Nc3 Nxc3 15. bxc3 Nb6 16. Nd2 a6 17. c4 c5 $1 {he could not prevent
it indefinitely.} 18. cxb5 axb5 19. dxc5 Na4 20. Ne4 Bxe4 21. Bxe4 Rxc5 22.
Rac1 g6 23. Rxc5 Qxc5 {1/2-1/2 Gurevich,M-Godena,M/Crete 2007}) 11. Bxf6 Nxf6 (
{I suppose Glenn doesn't take with the queen, due to the possibility of a
white knight coming to e4:} 11... Qxf6 12. Rc1 a6 13. Nc3 c5 (13... Qd8 $1 14.
Be4 Bd6 15. Nd2 Qc7 16. h3 O-O 17. a3 c5 18. Bxb7 Qxb7 19. Nde4 Be7 $11) 14.
Be4 $1 Bxe4 15. Nxe4 $16) 12. Nbd2 Qb6 (12... a6 13. a4 Be7 14. Rfc1 Nd5 15.
Qb3 O-O 16. Ne4 $14 {[%csl Gc5] gives White his desired small advantage.}) 13.
a4 Bb4 14. Rfc1 O-O 15. Nb3 $16 {Ledger has won the first skirmish of the game.
Black will not be able to play ...c5 for some time to come. White now builds
up in excellent style.} a5 16. Nc5 Rfd8 (16... Bxc5 17. Qxc5 Qxc5 18. Rxc5 Nd7
19. Rcc1 b4 20. Nd2 c5 21. Nb3 {doesn't solve anything for Black.}) 17. Qe2 Ba8
18. Ne5 Rd5 19. Ne4 {Already Flear was getting short of time searching for
active possibilities.} Qd8 20. axb5 cxb5 21. Nxf6+ {White would not have
released the pressure on b5 if he didn't have a point.} gxf6 (21... Qxf6 22.
Rxc8+) 22. Qh5 $1 {Now it is getting really nasty for Black.} Rxc1+ 23. Rxc1
Rxe5 {Black was relying on this move,but White saw a long way.} 24. dxe5 Qxd3
25. Rc8+ Bf8 26. Qg4+ $1 Kh7 27. h3 f5 $138 28. Qh5 Bg7 29. Rxa8 (29. Qxf7 Qd1+
30. Kh2 Qd5 31. Qg8+ Kg6 32. Rxa8 {also wins.}) 29... Qb1+ 30. Kh2 Qxb2 $2 (
30... Qe4 {was the last chance to stay on the board, however after} 31. Ra7 $1
Qxe5+ (31... Bxe5+ 32. g3 Bg7 33. Qxf7 Qe5 34. Ra8 Qxb2 35. Qg8+ Kg6 36. Qxe6+
Qf6 37. Qe8+ Qf7 38. Qxf7+ Kxf7 39. Rxa5 b4 40. Rxf5+ Ke6 41. Rb5 $18) 32. Kg1
Qxb2 33. Qxf7 a4 34. h4 $1 {it is all over.} h5 35. Qxh5+ Kg8 36. Qg6 Qa1+ 37.
Kh2 Qe5+ 38. f4 Qf6 39. Ra8+) 31. f4 $1 f6 32. Qf7 {Nicely controlled and very
thematic.} 1-0